| 000 | 00757cam a22002054a 4500 | ||
|---|---|---|---|
| 005 | 20250605163958.0 | ||
| 008 | 250528s ||||||||||||||||||||||||d | ||
| 035 | _a15526 | ||
| 020 | _a850722845 | ||
| 040 |
_aGR-AtMCL _bgre _dGR-AtMCL _eAACR2 |
||
| 245 | 1 | _aGreen Design | |
| 260 | _c1991 | ||
| 300 | _a82 | ||
| 520 | _aA realistic and balanced introduction to the complex range of information available on environmentally safe technology. Preface, The Pace of Change, General Principles, Energy and its Dependents, Materials and Packaging, The Product Lifestyle, The Green Message, Green Ethics, Information Sources. | ||
| 700 | 1 |
_aBurall Paul _91475 |
|
| 942 | _cBK | ||
| 710 | 2 |
_aThe Design Council _99719 |
|
| 999 |
_c1102 _d1102 |
||